000
00273nam a22001217a 4500
008
170526b xxu||||| |||| 00| 0 eng d
041
_a
eng
080
_2
2ND
_a
621(075.8)
100
_a
27
101
_a
IM
245
_a
MECHANICS OF MATERIALS
_c
HIGDON, A
942
_2
udc
_c
BK
999
_c
14490
_d
14490